000 00317nam a2200133Ia 4500
008 230917s9999||||xx |||||||||||||| ||und||
040 _e157788
_aMAIN
041 _aEnglish
082 _a970 H782H
245 0 _aHorizon. 9 (3); 1967
260 _aNew York
_bAmerican Horizon
_c1967
300 _a120 p.
942 _cBK
999 _c233151
_d233151